Top 15 most popular Designer brands 2021 - Statistics

General Stats
  • This quiz has been taken 505 times
  • The average score is 9 of 15
Answer Stats
Rank Category Answer % Correct
1 Fashion Gucci
95%
5 Fashion Louis Vuitton
90%
6 Watch Rolex
85%
2 Fashion Chanel
80%
4 Fashion Dior
71%
8 Fashion Prada
71%
12 Fashion Balenciaga
59%
3 Fashion Hermes
52%
7 Jewellery Tiffany
49%
9 Fashion Versace
49%
13 Jewellery Cartier
47%
14 Fashion Burberry
45%
10 Fashion Armani
39%
11 Fashion Valentino
29%
15 Watch Omega
24%
No matching quizzes found
Score Distribution
Percent of People with Each Score
Percentile by Number Answered
Your Score History
You have not taken this quiz